| 000 | 00677nam a2200229Ia 4500 | ||
|---|---|---|---|
| 003 | GCL | ||
| 008 | 140319s9999 xx 000 0 ara d | ||
| 040 |
_aGCL / _cGCL |
||
| 082 | 0 | 4 |
_a111.1 _bا ر |
| 100 | 1 | _aساعدة بن جؤية | |
| 245 | 1 | 0 |
_aديوان الهندليين / _cساعدة بن جؤية |
| 700 | 1 | _aابوذؤيب | |
| 700 | 1 | _aعبدمناف بن ربع | |
| 700 | 1 | _aصخر الغى | |
| 260 |
_a[S.N] : _bدار الكتب المصرية ، _c1995 |
||
| 490 | _a | ||
| 650 | 0 | 4 | _aالشعر العربى |
| 650 | 0 | 4 | _aالادب العربى |
| 650 | 0 | 4 | _aالعصر الجاهلى |
| 650 | 0 | 4 | _aدواوين وقصائد |
| 942 |
_2ddc _cBK |
||
| 999 |
_c36500 _d36500 |
||